| Tag |
First Indicator |
Second Indicator |
Subfields |
| LEADER |
00000cam a2200000 4500 |
| 001 |
in00000038237 |
| 005 |
20151007080919.0 |
| 008 |
761202s1942 oh 00010 engm |
| 010 |
|
|
|a 42016121
|
| 035 |
|
|
|a (OCoLC)02591467
|
| 035 |
|
|
|9 AAF5586AM
|
| 040 |
|
|
|a DLC
|c EZN
|d EZN
|d TXA
|d UtOrBLW
|
| 049 |
|
|
|a TXAM
|c [128374]
|
| 050 |
0 |
0 |
|a BT1101
|b .D38
|
| 082 |
0 |
|
|a 239
|
| 092 |
|
|
|a 239
|b D357i
|
| 100 |
1 |
|
|a Dell, Jacob Albert,
|d 1889-
|
| 245 |
1 |
0 |
|a I still believe in God /
|c by J. A. Dell.
|
| 264 |
|
1 |
|a Columbus, O. :
|b The Wartburg press,
|c [1942]
|
| 300 |
|
|
|a 256 pages ;
|c 20 cm.
|
| 336 |
|
|
|a text
|b txt
|2 rdacontent
|
| 337 |
|
|
|a unmediated
|b n
|2 rdamedia
|
| 338 |
|
|
|a volume
|b nc
|2 rdacarrier
|
| 650 |
|
0 |
|a Apologetics
|x History
|y 20th century.
|
| 999 |
|
|
|a MARS
|
| 999 |
f |
f |
|s c1fa7df4-d6df-37e3-8a7d-303a660919e1
|i 9d7ad00e-5c25-3ffd-8d1f-0a5afaca32d5
|t 0
|
| 952 |
f |
f |
|p ric
|a Texas A&M University
|b Rellis Campus
|c Joint Library Facility
|d Remote Storage
|t 0
|e BT1101 .D38
|h Library of Congress classification
|i unmediated -- volume
|m A14800609322
|
| 998 |
f |
f |
|a BT1101 .D38
|t 0
|l Remote Storage
|